• 首页
  • 本馆介绍
  • 公告通知
  • 最新文献
  • 馆藏检索
  • 电子资源
  • 读者导购
  • 参考咨询
  • 我的图书馆
  • 登录
  • 详细信息显示
  • 放入我的书架
  • 预约/预借图书
  • 作者相关作品
  • 分类相关作品
  • 丛书相关作品
  • 出版社相关作品

书目信息

  • 表格格式
  • 工作单格式
  • 卡片格式
题名:
招贴设计
    
 
作者: 董雪莲 编著
分册:  
出版信息: 北京   中国轻工业出版社  2021.2
页数: 151页
开本: 28cm
丛书名:
单 册:
中图分类: J218.1
科图分类:
主题词: 宣传画--设计--高等学校--教材
电子资源:
ISBN: 978-7-5184-0149-9
000 00837nam0 2200265 45
001 012001001923
005 20141011173418.0
010    @a978-7-5184-0149-9@dCNY45.00
090    @aJ218@bdxl
096    @aJ218@bdxl
100    @a20150312d2015 em y0chiy50 ea
101 0  @achi
102    @aCN@b110000
105    @aa z 000yy
106    @ar
200 1  @a招贴设计@Azhao tie she ji@b专著@f董雪莲编著
210    @a北京@c中国轻工业出版社@d2021.2
215    @a151页@c彩图@d28cm
300    @a全国高等院校艺术设计专业“十二五”规划教材/蓝先琳主编
330    @a本书内容包括:课程综述、招贴概述、招贴设计的基本要素、招贴设计的创意思维特征与创意表现等。
606 0  @a宣传画@x设计@x高等学校@j教材
690    @aJ218.1@v5
701  0 @a董雪莲@Adong xue lian@4编著
801  2 @aCN@bBJSDL@c20211018
905    @b1346249-52@dJ218.1@e1580@f4
    
    招贴设计/董雪莲编著.-北京:中国轻工业出版社,2021.2
    151页:彩图;28cm
    全国高等院校艺术设计专业“十二五”规划教材/蓝先琳主编
    
    ISBN 978-7-5184-0149-9:CNY45.00
    本书内容包括:课程综述、招贴概述、招贴设计的基本要素、招贴设计的创意思维特征与创意表现等。
●
相关链接 在E读中查询图书 在五车中查询图书 在当当中查询图书 在豆瓣中查询图书


正题名:招贴设计     索取号:J218.1/1580         预约/预借

序号 登录号 条形码 馆藏地/架位号 状态 备注
1 1346249   213462493   第一样本阅览室/ [索取号:J218.1/1580] 在馆    
2 1346250   213462509   第一借阅区/ [索取号:J218.1/1580] 在馆    
3 1346251   213462518   第一借阅区/ [索取号:J218.1/1580] 在馆    
4 1346252   213462527   第一借阅区/ [索取号:J218.1/1580] 在馆    
唐山师范学院图书馆 欢迎您!
大连网信软件有限公司© 版权所有